Which Spirit? - Statistics

General Stats
  • This quiz has been taken 14 times
  • The average score is 22 of 30
Answer Stats
Hint Answer % Correct
Absolut Vodka
100%
Smirnoff Vodka
100%
Rémy Martin Brandy
92%
Bacardi Rum
92%
Jack Daniel's Whisky
92%
Jim Beam Whisky
92%
Jameson Whisky
92%
Martell Brandy
83%
Malibu Rum
83%
Havana Club Rum
83%
Glenmorangie Whisky
83%
Johnnie Walker Whisky
83%
Courvoisier Brandy
75%
Gordon's Gin
75%
Tanqueray Gin
75%
Hendrick's Gin
75%
Beefeater Gin
75%
Captain Morgan Rum
75%
Grey Goose Vodka
75%
Macallan Whisky
75%
Laphroaig Whisky
75%
Hennessy Brandy
67%
Southern Comfort Whisky
67%
Mount Gay Rum
58%
Belvedere Vodka
58%
Talisker Whisky
58%
Aviation Gin
50%
Dead Man's Fingers Rum
50%
Sipsmith Gin
42%
Kraken Rum
42%
No matching quizzes found
Score Distribution
Percent of People with Each Score
Percentile by Number Answered
Your Score History
You have not taken this quiz